|
|
|
|
| LEADER |
01011nam a22002892a 4500 |
| 001 |
000339641 |
| 003 |
CZ BrMZK |
| 005 |
20090717191320.0 |
| 007 |
ta |
| 008 |
980107s1968 xr f cze d |
| 015 |
|
|
|a cnb000449329
|
| 035 |
|
|
|a (OCoLC)42087611
|
| 040 |
|
|
|a BOA001
|b cze
|
| 100 |
1 |
|
|a Melíšek, Jiří,
|d 1932-2015
|7 jk01081150
|
| 245 |
1 |
0 |
|a Robot Emil /
|c Jiří Melíšek, Jiří Havel ; ilustr. Jiří Kalousek
|
| 250 |
|
|
|a 1. vyd.
|
| 260 |
|
|
|a Hradec Králové :
|b Kruh,
|c 1968
|
| 300 |
|
|
|a 84 s.
|
| 490 |
1 |
|
|a Kamínky ;
|v sv. 2
|
| 700 |
1 |
|
|a Havel, Jiří,
|d 1924-2016
|7 jk01040225
|
| 700 |
1 |
|
|a Kalousek, Jiří,
|d 1925-1986
|7 jk01052728
|4 ill
|
| 830 |
|
0 |
|a Kamínky
|
| 910 |
|
|
|a BOA001
|b PK-0052.151
|b 1-0611.359
|
| 964 |
|
|
|a Roboti - povídky humoristické pro děti
|
| 990 |
|
|
|a BK
|
| 996 |
7 |
|
|b 2619483247
|c 1-0611.359
|l MZK
|r Sklad / do 1 hodiny
|n 3
|w 000339641
|u 000020
|a 1
|e BOA001
|j MZK50
|s A
|
| 996 |
7 |
|
|b 3119804034
|c PK-0052.151
|l MZK
|r Sklad / do 1 hodiny
|n 5
|w 000339641
|u 000010
|a 1
|e BOA001
|j MZK50
|s A
|